Vatican II facing the 21st century (Record no. 119390)
[ view plain ]
| 000 -LEADER | |
|---|---|
| fixed length control field | 00440nam a22001337a 4500 |
| 005 - DATE AND TIME OF LATEST TRANSACTION | |
| control field | 20131219163305.0 |
| 008 - FIXED-LENGTH DATA ELEMENTS--GENERAL INFORMATION | |
| fixed length control field | 131219b xxu||||| |||| 00| 0 eng d |
| 050 ## - LIBRARY OF CONGRESS CALL NUMBER | |
| Classification number | BX8301962.A8 |
| Item number | L265 2006 |
| 100 ## - MAIN ENTRY--PERSONAL NAME | |
| Personal name | Lane, Dermot A. |
| 9 (RLIN) | 6089 |
| 245 ## - TITLE STATEMENT | |
| Title | Vatican II facing the 21st century |
| Remainder of title | historical and theological perspectives |
| Statement of responsibility, etc | Lane, Dermot A. |
| 260 ## - PUBLICATION, DISTRIBUTION, ETC. (IMPRINT) | |
| Place of publication, distribution, etc | Dublin |
| Name of publisher, distributor, etc | Veritas Publications |
| Date of publication, distribution, etc | 2006 |
| 300 ## - PHYSICAL DESCRIPTION | |
| Extent | 246p. ; |
| Dimensions | 21cm. |
| 942 ## - ADDED ENTRY ELEMENTS (KOHA) | |
| Source of classification or shelving scheme | Library of Congress Classification |
| Item type | Monograph ( Printed materials) |
| Withdrawn status | Lost status | Source of classification or shelving scheme | Damaged status | Not for loan | Collection code | Home library | Current library | Shelving location | Date acquired | Total Checkouts | Full call number | Barcode | Date last seen | Date last borrowed | Price effective from | Koha item type |
|---|---|---|---|---|---|---|---|---|---|---|---|---|---|---|---|---|
| Library of Congress Classification | Main Collection | ARRUPE LIBRARY | ARRUPE LIBRARY | Main Collection | 19/12/2013 | 3 | BX8301962.A8 L265 2006 | 46407564 | 22/11/2017 | 10/02/2017 | 19/12/2013 | Monograph ( Printed materials) |